| 000 | 00000nas 2200000za 4500 |
| 001 | 9.861099 |
| 003 | CaOODSP |
| 005 | 20230919133833 |
| 007 | cr ||||||||||| |
| 008 | 180823c20189999oncar p o f0 a0eng|d |
| 022 | |a2561-9705 |
| 040 | |aCaOODSP|beng |
| 043 | |an-cn--- |
| 086 | 1 |aCP1-25E-PDF |
| 110 | 1 |aCanada. |bPrivy Council Office. |bImpact and Innovation Unit. |
| 222 | 0|aAnnual report |b(Canada. Impact and Innovation Unit) |
| 245 | 10|aAnnual report |h[electronic resource] / |cImpact and Innovation Unit, Privy Council Office. |
| 260 | |a[Ottawa] : |bImpact and Innovation Unit, Privy Council Office, |c[2018]- |
| 310 | |aAnnual |
| 362 | 1 |aBegan with 2017/18. |
| 500 | |aIssued also in French under title: Rapport annuel de l’Unité de l’impact et de l’innovation du Conseil privé. |
| 692 | 07|2gccst|aInnovation |
| 692 | 07|2gccst|aAnnual reports |
| 775 | 08|tRapport annuel |w(CaOODSP)9.861100 |
| 780 | 00|t... annual report |w(CaOODSP)9.833386 |